000 01573nam a2200349 c 4500
999 _c191749
_d191749
003 BLK
005 20191004111150.0
008 180411b bul|||||r ||||||| ||bul||
010 _aKNG00200912000
040 _aBLK
041 _aBUL
_cBUL
072 7 _2bullib
_aА
_xФонд Михаил Арнаудов
080 _aОраторско изкуство. Красноречие. Дебати. Публични дискусии. Психология на слушателя
_b808.51
_z808.51
100 1 _aВилхелм, Рихард
_eпърви автор
_9370353
139 _aВилхелм, Рихард
_bВ 59
245 1 0 _aИзкуството за говорене публично
_cРихард Вилхелм; прев. от рус. Борис Мавроганов; предг. от Людмил Стоянов.
257 _aDEU
260 _c1928
_fСофия : Арм. воен.-изд. фонд
300 _a51 с.
_bс портр.
_c21 см
380 _a82
490 _9396381
_aЧастна колекция - Академик Михаил Арнаудов
_gДарение - Основен фонд
500 _aПрил. на библ. Сценична педагогика. - Мека подв.
650 4 _aРеторика
_9169373
653 _aораторско изкуство
659 _aА
700 1 _aМавроганов, Борис
_eпрев. от рус.
_990527
700 1 _aСтоянов, Людмил
_eпредг. от
_gЗлатарев, Георги Стоянов
_9367666
852 _aМА 2403
856 4 _qpdf
856 4 _qpdf
942 _cKNG
_n0
_s1
944 _aCR
_c14.02.2017
_kГеновева_Генчева
944 _aED
_c14.02.2017
_kГеновева_Генчева
999 _d191749